Normal view
MARC view
- William D. Stevenson, Jr
Entry Corporate Name
001 - CONTROL NUMBER
- control field: 124042
003 - CONTROL NUMBER IDENTIFIER
- control field: NUST
005 - DATE AND TIME OF LATEST TRANSACTION
- control field: 20240704153342.0
008 - FIXED-LENGTH DATA ELEMENTS
- fixed length control field: 240704|| aca||aabn | a|a d
040 ## - CATALOGING SOURCE
- Original cataloging agency: NUST
- Transcribing agency: NUST
110 ## - HEADING--CORPORATE NAME
- Corporate name or jurisdiction name as entry element: William D. Stevenson, Jr
670 ## - SOURCE DATA FOUND
- Source citation: Work cat.: (NUST): John J. Grainger 124041, Power System Analysis, 2018
